000 02389nam a2200469 c 4500
003 BLK
005 20250228005530.0
008 180409b bul|||||r ||||||| ||bul||
010 _aKNG00112188000
020 _a954-9994-28-7
_bиздат.: Дилок
040 _aBLK
041 _aBUL
_cBUL
080 _aКорупция
_b328.185
_x(73)
_z328.185(73)
080 _aКорпорации
_b334.784
_x(73)
_z334.784(73)
080 _aМеждународни икономически отношения. Външностопанска политика. Световно стопанство
_b339.9
_x
_z339.9
100 1 _aПаласт, Грег
_eпърви автор
_9105726
700 1 _aАндреева, Людмила Маринова
_9365194
700 1 _aКозарев, Димитър
_eред.
_9292248
139 _aПаласт, Грег
_bП 15
245 1 0 _aНай-добрата демокрация, която може да се купи с пари
_bРазследващ репортер разобличава истината за глобализацията, корпоративните далавери и големите финансови мошеници
_cГрег Паласт; прев. от англ. Людмила Маринова Андреева; ред. Димитър Козарев.
257 _aUSA
260 с. Божурище, Софийско
_bДилок
_c2004
_fСофия : Изток-Запад
300 _a465 с.
_bс ил., факс.
_c22 см
380 _a3
500 _aОриг. загл. The best democracymoney can buy / Greg Palast. - Съдържа и За автора. - Азб. показалец.
650 4 _aСАЩ - обществено устройство и обществени отношения
_9254630
650 0 _aГлобални проблеми на човечеството
_9270201
650 4 _aКорупция
_9159504
650 4 _aКорпорации
_9159491
653 _aСАЩ
653 _aвъншна политика
653 _aвътрешна политика
653 _aфинанси
653 _aглобализация
653 _aкорупция
852 _aЦб 218891
856 4 _qpdf
_u
856 4 _qpdf
_u
942 _cKNG
_n0
_02
944 _aCR
_c08.04.2004
_k
_lCRON CRON
944 _aED
_c06.10.2005
_k
999 _c106919
_d106919